[Event "Salou Salauris op 1st"]
[Site "Salou"]
[Date "2021.06.27"]
[Round "7"]
[White "Aymat Satue, Joan"]
[Black "Lucas Ara, Alejandro"]
[Result "1/2-1/2"]
[WhiteElo "1509"]
[BlackElo "1888"]
[PlyCount "57"]
[EventDate "2021.06.25"]
[EventType "swiss"]
[EventRounds "7"]
[EventCountry "ESP"]
[SourceTitle "CBM 203 Extra"]
[Source "ChessBase"]
[SourceDate "2021.09.30"]
[SourceVersion "1"]
[SourceVersionDate "2021.09.30"]
[SourceQuality "1"]

1. d4 Nf6 2. Bf4 d5 3. e3 g6 4. Nf3 Bg7 5. Nbd2 0-0 6. Be2 c5 7. c3 cxd4 8. cxd4 Nc6 9. 0-0 Nh5 10. Bg5 f6 11. Bh4 f5 12. Ne1 Nf6 13. Bxf6 Bxf6 14. Rc1 e5 15. dxe5 Bxe5 16. Nd3 Bg7 17. Qb3 Kh8 18. Nb4 Nxb4 19. Qxb4 Rf6 20. b3 a5 21. Qf4 Rc6 22. Nf3 Qe7 23. Nd4 Rxc1 24. Rxc1 Be5 25. Qf3 Be6 26. Nxe6 Qxe6 27. Bb5 Rd8 28. Qe2 Qb6 29. a4 1/2-1/2

[Event "Barcelona Sant Marti op 1st"]
[Site "Barcelona"]
[Date "2012.01.26"]
[Round "1"]
[White "Munoz Pantoja, Miguel Angel"]
[Black "Aymat Satue, Joan"]
[Result "1-0"]
[WhiteElo "2495"]
[BlackElo "1805"]
[PlyCount "61"]
[EventDate "2012.01.26"]
[EventType "swiss"]
[EventRounds "9"]
[EventCountry "ESP"]
[SourceTitle "EXT 2013"]
[Source "ChessBase"]
[SourceDate "2012.11.22"]
[SourceVersion "1"]
[SourceVersionDate "2012.11.22"]
[SourceQuality "1"]

1. e4 c6 2. Nc3 d5 3. Nf3 dxe4 4. Nxe4 Nf6 5. Neg5 Bg4 6. Be2 Bxf3 7. Nxf3 e6 8. d4 Bd6 9. 0-0 0-0 10. c4 Nbd7 11. Qc2 Rc8 12. Be3 Qc7 13. g3 Ng4 14. Ng5 Ngf6 15. c5 Be7 16. Bf4 Qd8 17. Bc4 h6 18. Nf3 Nd5 19. Bxd5 exd5 20. Rfe1 Bf6 21. h4 Re8 22. Rxe8+ Qxe8 23. Re1 Qd8 24. Qf5 Nf8 25. b4 Qd7 26. Qxd7 Nxd7 27. g4 Kf8 28. Bd6+ Kg8 29. g5 hxg5 30. hxg5 Bd8 31. Re8+ 1-0

[Event "Barcelona La Lira Spring op 3rd"]
[Site "Barcelona"]
[Date "2010.05.20"]
[Round "6.11"]
[White "Tortosa Moros, Joan"]
[Black "Aymat Satue, Joan"]
[Result "1-0"]
[WhiteElo "1799"]
[BlackElo "1728"]
[PlyCount "69"]
[EventDate "2010.04.15"]
[EventType "swiss"]
[EventRounds "8"]
[EventCountry "ESP"]
[SourceTitle "EXT 2024"]
[Source "ChessBase"]
[SourceDate "2023.10.10"]
[SourceVersion "1"]
[SourceVersionDate "2023.10.10"]
[SourceQuality "1"]

1. e4 c6 2. d4 d5 3. Nc3 dxe4 4. Nxe4 Bf5 5. Ng3 Bg6 6. h4 h6 7. Nf3 Nd7 8. Bd3 Bxd3 9. Qxd3 e6 10. Bd2 Bd6 11. Ne4 Qc7 12. Nxd6+ Qxd6 13. 0-0-0 Ngf6 14. Qe2 0-0 15. c4 Qc7 16. Kb1 Rfe8 17. Bc3 Rad8 18. Ne5 c5 19. g4 Nxe5 20. dxe5 Nh7 21. Bd2 Qe7 22. g5 hxg5 23. hxg5 Nxg5 24. Qh5 f6 25. exf6 gxf6 26. Kc1 Rd4 27. b3 Red8 28. f4 Nh7 29. Rdg1+ Kh8 30. Be3 Re4 31. Bxc5 Qc7 32. Kb1 Rxf4 33. Qh6 Rf5 34. Bf8 Rg5 35. Qxf6+ 1-0

[Event "Barcelona La Lira Spring op 3rd"]
[Site "Barcelona"]
[Date "2010.04.22"]
[Round "2.19"]
[White "Aubeso Duch, Miquel"]
[Black "Aymat Satue, Joan"]
[Result "0-1"]
[WhiteElo "1700"]
[BlackElo "1728"]
[PlyCount "78"]
[EventDate "2010.04.15"]
[EventType "swiss"]
[EventRounds "8"]
[EventCountry "ESP"]
[SourceTitle "EXT 2024"]
[Source "ChessBase"]
[SourceDate "2023.10.10"]
[SourceVersion "1"]
[SourceVersionDate "2023.10.10"]
[SourceQuality "1"]

1. c4 c6 2. Nc3 Nf6 3. e4 e5 4. Nf3 d6 5. d3 Bg4 6. Be2 Nbd7 7. b3 Be7 8. 0-0 0-0 9. h3 Bh5 10. Be3 Qc7 11. Qd2 Rfd8 12. Bg5 Bg6 13. b4 Nf8 14. a3 Rac8 15. a4 d5 16. c5 dxe4 17. Ne1 exd3 18. Nxd3 e4 19. Bf4 Qd7 20. Rfd1 exd3 21. Bf3 Ne6 22. Qe3 Nxf4 23. Qxf4 Qd4 24. Qd2 Bh5 25. g4 Bg6 26. Re1 Re8 27. Rab1 Nd7 28. Nd1 Ne5 29. Bg2 Nc4 30. Qa2 d2 31. Re2 Bxb1 32. Qxb1 Bf6 33. Re4 Rxe4 34. Bxe4 g6 35. Qb3 Re8 36. Nc3 Qxc3 37. Qxc3 Bxc3 38. Bc2 Re1+ 39. Kg2 d1Q 0-1